000 03318cam a2200301 4500500
005 20260201081145.0
041 _afre
042 _adc
100 1 0 _aDivay, Sophie
_eauthor
700 1 0 _aGadéa, Charles
_eauthor
245 0 0 _aAggiornamento managérial des établissements publics et dynamiques professionnelles
260 _c2015.
500 _a30
520 _aCet article porte sur les cadres de santé hospitaliers du secteur public. Leur situation actuelle de cadres dits « intermédiaires » ou « de proximité » peut tout d’abord être comprise grâce à une approche sociohistorique permettant de retracer les grandes étapes de la construction de ce groupe professionnel, successivement confronté à de nombreux changements synonymes de laïcisation, professionnalisation puis managérialisation, notamment sous l’effet du New Public Management (NPM) tel qu’il a été appliqué à l’hôpital. Par ailleurs, l’analyse des parcours individuels met en lumière les processus de fabrique des cadres santé, souvent issu(e)s du groupe des infirmières, amenées à se convertir en manager, c’est-à-dire à rompre avec leur métier d’origine. Un tel tournant biographique apparaît d’ailleurs comme une des caractéristiques communes aux agents des différents services publics qui deviennent cadres (de proximité). À l’heure du NPM, cette forme de mutation professionnelle n’est pas sans causer de nombreux troubles identitaires, tant au niveau collectif qu’au niveau individuel.
520 _aThe managerial “aggiornamento” of French public agencies and professional dynamicsThis paper is focused on the middle management in public sector hospitals. The current situation middle managers can first be understood through a socio-historical approach allowing to reconstruct the main stages in the construction of this professional group, which underwent many changes, such as secularization, professionalization, and more recently managérialisation, in particular under the influence of New Public Management (NPM) tools applied in hospitals. Second, the analysis of individual career paths highlights the socialization processes at work and the transformation of practitioners, often nurses, into managers, leading them to assume new roles away from their original professional settings. This biographic turning point appears moreover as one of the characteristics shared by agents of the various public services in the transformation of front line workers into middle managers. In the context of far reaching NPM reforms, this kind of professional transformation is not without causing tensions on collective and individual identities.
690 _a« managérialisation »
690 _acadres de proximité
690 _acadres de santé de l’hôpital public
690 _aNew Public Management
690 _asocialisation professionnelle
690 _amanagerialism
690 _amiddle managers
690 _aNew Public Management
690 _aprofessional socialization
690 _apublic sector hospital reforms
786 0 _nGouvernement et action publique | VOL. 4 | 4 | 2015-12-10 | p. 81-99 | 2260-0965
856 4 1 _uhttps://shs.cairn.info/revue-gouvernement-et-action-publique-2015-4-page-81?lang=fr&redirect-ssocas=7080
999 _c1640210
_d1640210